| 000 | 01555cam a2200349 a 4500 | ||
|---|---|---|---|
| 001 | 15623646 | ||
| 003 | ARRUPE | ||
| 005 | 20131126121451.0 | ||
| 008 | 090213s2009 mduab b 001 0 eng | ||
| 010 | _a 2009922985 | ||
| 020 | _a9780761845966 (pbk. : alk. paper) | ||
| 020 | _a9780761845973 (ebook) | ||
| 040 |
_aDLC _cDLC _dDLC |
||
| 043 | _af-nr--- | ||
| 050 | 0 | 0 |
_aBV3625.N5 _bE24 2009 |
| 082 | 0 | 0 |
_a266/.2669 _222 |
| 100 | 1 |
_aEbelebe, Charles A. _q(Charles Achunike) _93851 |
|
| 245 | 1 | 0 |
_aAfrica and the new face of mission : _ba critical assessment of the legacy of the Irish Spiritans among the Igbo of southeastern Nigeria / _cCharles A. Ebelebe. |
| 260 |
_aLanham, MD : _bUniversity Press of America, _c2009. |
||
| 300 |
_axviii, 242 p. : _bill., maps ; _c23 cm. |
||
| 504 | _aIncludes bibliographical references and index. | ||
| 610 | 2 | 0 |
_aCatholic Church _xMissions _zNigeria _xHistory _y20th century. _93852 |
| 610 | 2 | 0 |
_aHoly Ghost Fathers _xMissions _zNigeria _xHistory _y20th century. _93853 |
| 650 | 0 |
_aIgbo (African people) _xMissions _xHistory _y20th century. _93854 |
|
| 650 | 0 |
_aIgbo (African people) _xReligion. _93855 |
|
| 650 | 0 |
_aChristianity and culture _zNigeria _xHistory _y20th century. _93856 |
|
| 650 | 0 |
_aMissions, Irish _zNigeria _xHistory _y20th century. _93857 |
|
| 651 | 0 |
_aNigeria _xChurch history _y20th century. _93858 |
|
| 906 |
_a7 _bcbc _corignew _d2 _eepcn _f20 _gy-gencatlg |
||
| 942 |
_2lcc _cMONOGRAPH |
||
| 999 |
_c118685 _d118685 |
||